[Event "Madrid-ch 2018-2019 - Semifinal"]
[Site "Madrid ESP"]
[Date "2019.05.06"]
[Round "1.21"]
[White "Fernandez Garcia, Ignacio"]
[Black "Rios Rebollo, Victor"]
[Result "0-1"]
[WhiteElo "1755"]
[BlackElo "2007"]
[PlyCount "96"]
[EventDate "2019.05.06"]
[EventType "swiss"]
[EventRounds "9"]
[EventCountry "ESP"]
[SourceTitle "Ajedrez en Madrid"]
[Source "lmi"]
[SourceDate "2019.05.06"]
[SourceVersion "1"]
[SourceVersionDate "2019.05.20"]
[SourceQuality "2"]

1. e4 e6 2. d4 d5 3. e5 c5 4. c3 Nc6 5. Nf3 Qb6 6. Bd3 cxd4 7. O-O Bd7 8. cxd4
Nxd4 9. Nc3 a6 10. Ng5 Nc6 11. Qe2 Nge7 12. Nxh7 O-O-O 13. Ng5 Be8 14. b3 d4
15. Na4 Qa5 16. Bf4 Nd5 17. Bg3 Ba3 18. Ne4 Kb8 19. Nd6 Ka7 20. Nc4 Qb4 21.
Nxa3 Qxa3 22. Rac1 Ncb4 23. Qe4 Bxa4 24. Bh4 Rc8 25. Rxc8 Rxc8 26. Qxd4+ Kb8
27. Bc4 Bb5 28. Bg5 Bxc4 29. bxc4 Qc3 30. Qxc3 Nxc3 31. Bd2 Rxc4 32. a3 Nbd5
33. g3 Ra4 34. Ra1 Nb5 35. Bc1 Nb6 36. Be3 Nc4 37. Bc5 Nxe5 38. Rd1 Kc7 39. f4
Nc6 40. Rd3 b6 41. Bf8 g6 42. h4 Rd4 43. Re3 Na5 44. Kg2 Nc4 45. Rb3 Rd2+ 46.
Kh3 Nbd6 47. Kg4 Ne4 48. Bg7 f5+ 0-1

[Event "Madrid-ch 2018-2019 - Semifinal"]
[Site "Madrid ESP"]
[Date "2019.05.06"]
[Round "1.22"]
[White "Lorenzo Bailador, Alfredo"]
[Black "Jimenez Gonzalez, Marcos"]
[Result "1-0"]
[WhiteElo "2003"]
[BlackElo "1740"]
[PlyCount "123"]
[EventDate "2019.05.06"]
[EventType "swiss"]
[EventRounds "9"]
[EventCountry "ESP"]
[SourceTitle "Ajedrez en Madrid"]
[Source "lmi"]
[SourceDate "2019.05.06"]
[SourceVersion "1"]
[SourceVersionDate "2019.05.20"]
[SourceQuality "2"]

1. e4 e6 2. d4 d5 3. e5 c5 4. c3 Qb6 5. Nf3 Nc6 6. Be2 cxd4 7. cxd4 Bd7 8. O-O
Nge7 9. Nc3 Nf5 10. Na4 Qc7 11. g4 Nfe7 12. Be3 Ng6 13. Rc1 Be7 14. Bd3 Rc8 15.
a3 O-O 16. b4 Qd8 17. Nc5 Bxc5 18. Rxc5 f6 19. Qc2 fxe5 20. Bxg6 Rxf3 21. Bxh7+
Kh8 22. dxe5 Qh4 23. Bd3 Rcf8 24. Be2 Rh3 25. Qg6 Nxe5 26. Qh5+ Qxh5 27. gxh5
Nc4 28. Bxc4 dxc4 29. Rc1 Bc6 30. R1xc4 Bd5 31. Rg4 Rxh5 32. Rc7 g6 33. Rxg6
Rg8 34. Rxg8+ Kxg8 35. Bxa7 Bf3 36. Rc3 Bd5 37. Bb8 Rh4 38. h3 Kf7 39. Kh2 Kg6
40. Kg3 Rh8 41. Be5 Rg8 42. Kh2 Kf5 43. Bg3 Ke4 44. Re3+ Kd4 45. Be5+ Kc4 46.
Rg3 Rf8 47. f4 Be4 48. Rc3+ Kb5 49. Re3 Bd5 50. h4 Rc8 51. Rc3 Rg8 52. Rg3 Rc8
53. Kh3 Be4 54. h5 Rc1 55. Kh4 Ka4 56. h6 Rc8 57. Kg5 Rg8+ 58. Bg7 b5 59. Kf6
Bf5 60. Rg5 Kxa3 61. Rxf5 exf5 62. h7 1-0

[Event "Madrid-ch 2018-2019 - Semifinal"]
[Site "Madrid ESP"]
[Date "2019.05.06"]
[Round "1.23"]
[White "Moreno Uribarri, Miguel"]
[Black "Estevez Sacristan, Deva"]
[Result "0-1"]
[WhiteElo "1674"]
[BlackElo "1999"]
[PlyCount "126"]
[EventDate "2019.05.06"]
[EventType "swiss"]
[EventRounds "9"]
[EventCountry "ESP"]
[SourceTitle "Ajedrez en Madrid"]
[Source "lmi"]
[SourceDate "2019.05.06"]
[SourceVersion "1"]
[SourceVersionDate "2019.05.20"]
[SourceQuality "2"]

1. e4 c5 2. Nf3 g6 3. d4 cxd4 4. Qxd4 Nf6 5. e5 Nc6 6. Qa4 Nd5 7. Qe4 Nc7 8.
Nc3 Bg7 9. Bf4 O-O 10. O-O-O a6 11. Qe3 b5 12. Bh6 b4 13. Ne4 Ne6 14. h4 Nxe5
15. Bxg7 Ng4 16. Qd2 Kxg7 17. h5 Bb7 18. Nfg5 h6 19. Nxe6+ fxe6 20. f3 Bxe4 21.
fxg4 d5 22. hxg6 Rh8 23. Bd3 Bxg6 24. Bxg6 Kxg6 25. Qd3+ Kf7 26. Qd4 Qg8 27.
Rdf1+ Ke8 28. Qxb4 Qg5+ 29. Kb1 Kd7 30. Qb7+ Kd6 31. Qb6+ Kd7 32. Qd4 Rhc8 33.
Qa4+ Rc6 34. Rh3 Rac8 35. Rc3 Qe5 36. Rxc6 Rxc6 37. a3 Qe2 38. Rh1 Qxg2 39.
Rxh6 Qf1+ 40. Ka2 Qc4+ 41. Qxc4 Rxc4 42. Rg6 Rxc2 43. Kb3 Rc4 44. g5 Rg4 45.
Kc3 a5 46. b4 a4 47. Rg8 e5 48. Ra8 Rxg5 49. Rxa4 Rg3+ 50. Kd2 Kc6 51. Ra6+ Kd7
52. a4 e4 53. a5 d4 54. Ra7+ Kd6 55. Ra6+ Kd5 56. Ra8 Kc4 57. Rc8+ Kxb4 58. a6
Rg2+ 59. Kd1 Ra2 60. Rc6 e3 61. Re6 Kc3 62. Rxe7 Kd3 63. Rc7 Ra1+ 0-1

[Event "Madrid-ch 2018-2019 - Semifinal"]
[Site "Madrid ESP"]
[Date "2019.05.07"]
[Round "2.1"]
[White "Rodriguez Melendez, Juan Humbert"]
[Black "Collado Barbas, Laura"]
[Result "1-0"]
[WhiteElo "2212"]
[BlackElo "2048"]
[PlyCount "95"]
[EventDate "2019.05.06"]
[EventType "swiss"]
[EventRounds "9"]
[EventCountry "ESP"]
[SourceTitle "Ajedrez en Madrid"]
[Source "lmi"]
[SourceDate "2019.05.06"]
[SourceVersion "1"]
[SourceVersionDate "2019.05.20"]
[SourceQuality "2"]

1. d4 d5 2. c4 e6 3. e3 c6 4. Nf3 f5 5. b3 Bd6 6. Bd3 Nf6 7. Bb2 O-O 8. O-O Qe7
9. Nc3 Ng4 10. Ne2 Nd7 11. h3 Nh6 12. Ne5 g5 13. f4 g4 14. Qe1 gxh3 15. gxh3
Kh8 16. Qf2 Nxe5 17. fxe5 Qg5+ 18. Kh1 Be7 19. Nf4 Nf7 20. Qf3 Bd7 21. Qh5 Qxh5
22. Nxh5 Rg8 23. Rg1 Ng5 24. Rg3 Be8 25. Nf4 Bf7 26. Bc3 Ne4 27. Rxg8+ Rxg8 28.
Bxe4 fxe4 29. Rg1 Bg5 30. Bb4 h6 31. Bc5 Re8 32. Kg2 Kh7 33. Kf2 Be7 34. Bxe7
Rxe7 35. Ke1 b5 36. cxb5 cxb5 37. Kd2 Rb7 38. Rc1 Kg7 39. Rc6 Re7 40. Kc3 h5
41. h4 Re8 42. Kb4 Re7 43. Kc5 Be8 44. Kd6 Bxc6 45. Kxe7 b4 46. Nxe6+ Kg6 47.
Kd6 Bb5 48. Nc7 1-0

[Event "Madrid-ch 2018-2019 - Semifinal"]
[Site "Madrid ESP"]
[Date "2019.05.07"]
[Round "2.2"]
[White "Nuñez Reiz, Antonio"]
[Black "De La Fuente Gonzalez, Francisco"]
[Result "1-0"]
[WhiteElo "2083"]
[BlackElo "2205"]
[PlyCount "129"]
[EventDate "2019.05.06"]
[EventType "swiss"]
[EventRounds "9"]
[EventCountry "ESP"]
[SourceTitle "Ajedrez en Madrid"]
[Source "lmi"]
[SourceDate "2019.05.06"]
[SourceVersion "1"]
[SourceVersionDate "2019.05.20"]
[SourceQuality "2"]

1. e4 e5 2. Nf3 Nf6 3. Nxe5 d6 4. Nxf7 Kxf7 5. Nc3 g6 6. Bc4+ Be6 7. Bxe6+ Kxe6
8. d4 Bg7 9. f4 Kf7 10. e5 Re8 11. O-O Nc6 12. Be3 dxe5 13. fxe5 Nxe5 14. dxe5
Rxe5 15. Qf3 Rf5 16. Qxb7 Rb8 17. Qc6 Kg8 18. Qe6+ Kh8 19. Rxf5 gxf5 20. Qxf5
Rxb2 21. Rd1 Qe8 22. Bxa7 Qg6 23. Rd8+ Ng8 24. Qxg6 hxg6 25. Bd4 Bxd4+ 26. Rxd4
Rxc2 27. Rc4 Nf6 28. h3 Ne4 29. Rxe4 Rxc3 30. a4 Kg7 31. a5 Ra3 32. Re5 Ra2 33.
Kh2 Ra3 34. h4 Kh6 35. Rc5 Ra4 36. g3 Ra2+ 37. Kh3 Ra3 38. Kg4 Ra4+ 39. Kf3 c6
40. Ke2 Ra3 41. Kf2 Kg7 42. h5 gxh5 43. Rxh5 Kf7 44. Rc5 Ke7 45. g4 Kd6 46. Rh5
Ke6 47. Rf5 Kd6 48. g5 Ke6 49. Rc5 Kf7 50. Ke2 Kg7 51. Kd2 Kf7 52. Kc2 Ke7 53.
Kb2 Ra4 54. Kb3 Ra1 55. g6 Kf8 56. Rg5 Kg7 57. Kb4 Ra2 58. Rg3 c5+ 59. Kb5 Ra1
60. Rg4 Ra2 61. Ra4 Rb2+ 62. Kxc5 Kxg6 63. a6 Rb8 64. a7 Ra8 65. Kc6 1-0

[Event "Madrid-ch 2018-2019 - Semifinal"]
[Site "Madrid ESP"]
[Date "2019.05.07"]
[Round "2.3"]
[White "Robles Diaz, Jose Alberto"]
[Black "Perez Ordoñez, Jose Ramon"]
[Result "1/2-1/2"]
[WhiteElo "2044"]
[BlackElo "2169"]
[PlyCount "64"]
[EventDate "2019.05.06"]
[EventType "swiss"]
[EventRounds "9"]
[EventCountry "ESP"]
[SourceTitle "Ajedrez en Madrid"]
[Source "lmi"]
[SourceDate "2019.05.06"]
[SourceVersion "1"]
[SourceVersionDate "2019.05.20"]
[SourceQuality "2"]

1. d4 d5 2. Nf3 Nf6 3. c4 e6 4. g3 Bb4+ 5. Bd2 Bd6 6. Bg2 O-O 7. Qc2 c6 8. O-O
Ne4 9. a3 a5 10. Nc3 f5 11. Nxe4 fxe4 12. Ne5 b5 13. cxb5 cxb5 14. b4 Bd7 15.
bxa5 Bxe5 16. dxe5 Nc6 17. Bb4 Re8 18. Bd6 Nxa5 19. Rfc1 Nc4 20. e3 Qb6 21. Bb4
Nxe5 22. Qc7 Qxc7 23. Rxc7 Rec8 24. Rac1 Nd3 25. Rxc8+ Bxc8 26. Rc7 Nxb4 27.
axb4 e5 28. h3 Be6 29. Rc5 Ra1+ 30. Kh2 Ra2 31. Kg1 Ra1+ 32. Kh2 Ra2 1/2-1/2

[Event "Madrid-ch 2018-2019 - Semifinal"]
[Site "Madrid ESP"]
[Date "2019.05.07"]
[Round "2.4"]
[White "Mkrtchyan, Levon"]
[Black "Lorenzo Bailador, Alfredo"]
[Result "1/2-1/2"]
[WhiteElo "2168"]
[BlackElo "2003"]
[PlyCount "65"]
[EventDate "2019.05.06"]
[EventType "swiss"]
[EventRounds "9"]
[EventCountry "ESP"]
[SourceTitle "Ajedrez en Madrid"]
[Source "lmi"]
[SourceDate "2019.05.06"]
[SourceVersion "1"]
[SourceVersionDate "2019.05.20"]
[SourceQuality "2"]

1. e4 e5 2. Nf3 Nc6 3. Bc4 Nf6 4. d3 Bc5 5. c3 d6 6. Nbd2 O-O 7. O-O Be6 8. h3
a6 9. Re1 Re8 10. Bb3 Ba7 11. Nf1 h6 12. Ng3 d5 13. Qc2 dxe4 14. dxe4 Nd7 15.
Bxe6 Rxe6 16. Nf5 Ne7 17. Be3 Bxe3 18. Nxe3 c6 19. Rad1 Qc7 20. Rd2 Rd6 21.
Red1 Rxd2 22. Rxd2 Nf8 23. Qd1 Neg6 24. Nf5 Ne6 25. Rd7 Rd8 26. Rxd8+ Qxd8 27.
Qxd8+ Nxd8 28. g3 f6 29. Kf1 Kf7 30. Ke2 Ne7 31. N3h4 h5 32. c4 Nc8 33. b4
1/2-1/2

[Event "Madrid-ch 2018-2019 - Semifinal"]
[Site "Madrid ESP"]
[Date "2019.05.07"]
[Round "2.5"]
[White "Sanchez Garcia, Aurelio"]
[Black "Nieto De La Cruz, Julio"]
[Result "0-1"]
[WhiteElo "2042"]
[BlackElo "2168"]
[PlyCount "78"]
[EventDate "2019.05.06"]
[EventType "swiss"]
[EventRounds "9"]
[EventCountry "ESP"]
[SourceTitle "Ajedrez en Madrid"]
[Source "lmi"]
[SourceDate "2019.05.06"]
[SourceVersion "1"]
[SourceVersionDate "2019.05.20"]
[SourceQuality "2"]

1. Nf3 Nf6 2. c4 b6 3. e3 Bb7 4. d4 e6 5. Bd3 Bb4+ 6. Bd2 a5 7. O-O O-O 8. a3
Be7 9. Nc3 d5 10. Rc1 c5 11. Nb5 Ne4 12. Qc2 Nd7 13. Rfd1 f5 14. Be1 Rf6 15.
Ne5 cxd4 16. Nxd7 Qxd7 17. Nxd4 Bd6 18. g3 Rc8 19. Qe2 e5 20. Nb5 d4 21. exd4
Ng5 22. d5 e4 23. Bb1 Nf3+ 24. Kg2 Rh6 25. h4 Nxh4+ 26. gxh4 Rxh4 27. f4 exf3+
28. Qxf3 Rg4+ 29. Kh3 g6 30. Nxd6 Qxd6 31. Bg3 Qf6 32. Qf2 Rf8 33. Rg1 Bc8 34.
Rcf1 f4 35. Kh2 fxg3+ 36. Qxg3 Rh4+ 37. Kg2 Qxb2+ 38. Rf2 Bh3+ 39. Kh1 Qxf2 0-1

[Event "Madrid-ch 2018-2019 - Semifinal"]
[Site "Madrid ESP"]
[Date "2019.05.07"]
[Round "2.6"]
[White "De La Puerta Cresis, Javier"]
[Black "Ruiz Quevedo, Andres"]
[Result "1/2-1/2"]
[WhiteElo "2116"]
[BlackElo "1900"]
[PlyCount "74"]
[EventDate "2019.05.06"]
[EventType "swiss"]
[EventRounds "9"]
[EventCountry "ESP"]
[SourceTitle "Ajedrez en Madrid"]
[Source "lmi"]
[SourceDate "2019.05.06"]
[SourceVersion "1"]
[SourceVersionDate "2019.05.20"]
[SourceQuality "2"]

1. d4 Nf6 2. c4 e6 3. Nc3 Bb4 4. Qc2 O-O 5. e4 c5 6. Nf3 Nc6 7. dxc5 Bxc5 8.
Bg5 Be7 9. Rd1 Qc7 10. Be2 a6 11. O-O d6 12. Rd2 Ne5 13. Qb3 Ned7 14. Nd4 b6
15. f3 Bb7 16. Rc1 Rac8 17. Qd1 Qb8 18. b3 Rfe8 19. Bd3 Bf8 20. Bb1 g6 21. Nde2
Ba8 22. Bf4 e5 23. Be3 b5 24. cxb5 axb5 25. Bd3 b4 26. Nb5 d5 27. Ba7 Qb7 28.
Rxc8 Rxc8 29. exd5 Qxd5 30. Bc4 Qb7 31. Bf2 e4 32. Ned4 exf3 33. Qxf3 Qb8 34.
Qh3 Ne5 35. Bg3 Ne4 36. Re2 Nxg3 37. Qxg3 Nxc4 1/2-1/2

[Event "Madrid-ch 2018-2019 - Semifinal"]
[Site "Madrid ESP"]
[Date "2019.05.07"]
[Round "2.7"]
[White "Rios Rebollo, Victor"]
[Black "Iagar, Razvan-Gabriel"]
[Result "1/2-1/2"]
[WhiteElo "2007"]
[BlackElo "2104"]
[PlyCount "42"]
[EventDate "2019.05.06"]
[EventType "swiss"]
[EventRounds "9"]
[EventCountry "ESP"]
[SourceTitle "Ajedrez en Madrid"]
[Source "lmi"]
[SourceDate "2019.05.06"]
[SourceVersion "1"]
[SourceVersionDate "2019.05.20"]
[SourceQuality "2"]

1. d4 d5 2. c4 c6 3. e3 Nf6 4. Nc3 a6 5. Bd3 dxc4 6. Bxc4 b5 7. Bd3 Nbd7 8. Nf3
c5 9. O-O e6 10. b3 Bb7 11. Bb2 Be7 12. Rc1 Qb6 13. Bb1 O-O 14. Ne5 Rfd8 15.
Qe2 cxd4 16. exd4 Nf8 17. Nd1 Ng6 18. Ne3 Nf4 19. Qd2 Ng6 20. Qe2 Nf4 21. Qd2
Ng6 1/2-1/2

[Event "Madrid-ch 2018-2019 - Semifinal"]
[Site "Madrid ESP"]
[Date "2019.05.07"]
[Round "2.8"]
[White "Estevez Sacristan, Deva"]
[Black "Pindado Campos, Raul"]
[Result "0-1"]
[WhiteElo "1999"]
[BlackElo "2089"]
[PlyCount "54"]
[EventDate "2019.05.06"]
[EventType "swiss"]
[EventRounds "9"]
[EventCountry "ESP"]
[SourceTitle "Ajedrez en Madrid"]
[Source "lmi"]
[SourceDate "2019.05.06"]
[SourceVersion "1"]
[SourceVersionDate "2019.05.20"]
[SourceQuality "2"]

1. e4 c5 2. Nf3 d6 3. d4 cxd4 4. Nxd4 Nf6 5. Nc3 g6 6. Be3 Bg7 7. f3 O-O 8. Qd2
Nc6 9. Bc4 Bd7 10. O-O-O Rc8 11. Bb3 Nxd4 12. Bxd4 b5 13. Nd5 Nxd5 14. Bxg7
Kxg7 15. Bxd5 a5 16. a3 Qc7 17. h4 f6 18. g4 b4 19. axb4 axb4 20. g5 Qa5 21.
Qd4 e5 22. Qd3 Rc3 23. Qf1 Qa1+ 24. Kd2 Qxb2 25. Rc1 b3 26. Bxb3 Rxb3 27. Qc4
Rxf3 0-1

[Event "Madrid-ch 2018-2019 - Semifinal"]
[Site "Madrid ESP"]
[Date "2019.05.07"]
[Round "2.9"]
[White "Garcia Sanz, Eduardo"]
[Black "Perez Gonzalez, Jose Manuel"]
[Result "0-1"]
[WhiteElo "1820"]
[BlackElo "2228"]
[PlyCount "50"]
[EventDate "2019.05.06"]
[EventType "swiss"]
[EventRounds "9"]
[EventCountry "ESP"]
[SourceTitle "Ajedrez en Madrid"]
[Source "lmi"]
[SourceDate "2019.05.06"]
[SourceVersion "1"]
[SourceVersionDate "2019.05.20"]
[SourceQuality "2"]

1. e4 d6 2. d4 Nf6 3. Nc3 g6 4. Bg5 c6 5. Qd2 Nbd7 6. O-O-O Qa5 7. f3 b5 8. d5
b4 9. Bxf6 Nxf6 10. Nb1 cxd5 11. exd5 h5 12. Bc4 Bh6 13. f4 Qc5 14. Qd4 Bg4 15.
Nf3 Bxf3 16. gxf3 Rc8 17. b3 O-O 18. Rhe1 Rfe8 19. h3 Qa5 20. Kb2 Bg7 21. c3
bxc3+ 22. Nxc3 Nxd5 23. Qxg7+ Kxg7 24. Nxd5 e6 25. Ne3 d5 0-1

[Event "Madrid-ch 2018-2019 - Semifinal"]
[Site "Madrid ESP"]
[Date "2019.05.07"]
[Round "2.10"]
[White "Garcia Prados, David"]
[Black "Yañez Rodriguez, Wilbert"]
[Result "0-1"]
[WhiteElo "1866"]
[BlackElo "2217"]
[PlyCount "124"]
[EventDate "2019.05.06"]
[EventType "swiss"]
[EventRounds "9"]
[EventCountry "ESP"]
[SourceTitle "Ajedrez en Madrid"]
[Source "lmi"]
[SourceDate "2019.05.06"]
[SourceVersion "1"]
[SourceVersionDate "2019.05.20"]
[SourceQuality "2"]

1. e4 c5 2. Nf3 g6 3. g3 Bg7 4. Bg2 Nc6 5. d3 d6 6. c3 Nf6 7. h3 O-O 8. O-O Rb8
9. Be3 b5 10. Nbd2 b4 11. c4 Nd7 12. Qc2 Bb7 13. Kh2 a5 14. Rab1 Nd4 15. Bxd4
cxd4 16. Qd1 e5 17. Ng1 Bh6 18. Ne2 Nc5 19. Nb3 f5 20. Nxc5 dxc5 21. f3 Be3 22.
a3 h5 23. axb4 axb4 24. Ra1 Ra8 25. Rxa8 Qxa8 26. Qb3 Bc6 27. Qd1 Qa2 28. exf5
Rxf5 29. b3 Qa8 30. g4 hxg4 31. fxg4 Rxf1 32. Qxf1 Bxg2 33. Qxg2 Qxg2+ 34. Kxg2
e4 35. Ng3 exd3 36. Kf1 d2 37. Ke2 Kf7 38. Ne4 d3+ 39. Kd1 Ke6 40. Nxd2 Ke5 41.
Nf3+ Ke4 42. Nh4 g5 43. Nf5 Bf4 44. h4 gxh4 45. Nxh4 Bg5 46. Ng6 Kd4 47. Nf8
Kc3 48. Ne6 Be7 49. g5 Kxb3 50. g6 Bf6 51. Nxc5+ Kxc4 52. Ne4 b3 53. Kc1 Bg7
54. Nd2+ Kb4 55. Nb1 Bh6+ 56. Kd1 b2 57. g7 Bxg7 58. Kd2 Kc4 59. Kd1 Bc3 60.
Na3+ Kb3 61. Nb1 Bb4 62. Nc3 Kxc3 0-1

[Event "Madrid-ch 2018-2019 - Semifinal"]
[Site "Madrid ESP"]
[Date "2019.05.07"]
[Round "2.11"]
[White "Martinez Fernandez, Raul"]
[Black "Lopez Heras, Arturo"]
[Result "1-0"]
[WhiteElo "2202"]
[BlackElo "1818"]
[PlyCount "45"]
[EventDate "2019.05.06"]
[EventType "swiss"]
[EventRounds "9"]
[EventCountry "ESP"]
[SourceTitle "Ajedrez en Madrid"]
[Source "lmi"]
[SourceDate "2019.05.06"]
[SourceVersion "1"]
[SourceVersionDate "2019.05.20"]
[SourceQuality "2"]

1. e4 c5 2. Nf3 d6 3. Bb5+ Bd7 4. Bxd7+ Qxd7 5. c4 Nc6 6. d4 cxd4 7. Nxd4 Nf6
8. Nc3 g6 9. b3 Bg7 10. Bb2 O-O 11. O-O Rac8 12. Qd3 Qg4 13. f4 Nxd4 14. Qxd4
Nh5 15. Qe3 Rc5 16. Rac1 Bh6 17. Nd5 Rxd5 18. cxd5 Nxf4 19. Rc2 Bg5 20. Qf3 Qf5
21. Rcf2 e5 22. dxe6 Qxe6 23. Qc3 1-0

[Event "Madrid-ch 2018-2019 - Semifinal"]
[Site "Madrid ESP"]
[Date "2019.05.07"]
[Round "2.12"]
[White "Perez Diez, Victor"]
[Black "Panduru, Eugen"]
[Result "1-0"]
[WhiteElo "2018"]
[BlackElo "1934"]
[PlyCount "107"]
[EventDate "2019.05.06"]
[EventType "swiss"]
[EventRounds "9"]
[EventCountry "ESP"]
[SourceTitle "Ajedrez en Madrid"]
[Source "lmi"]
[SourceDate "2019.05.06"]
[SourceVersion "1"]
[SourceVersionDate "2019.05.20"]
[SourceQuality "2"]

1. e4 e5 2. Nc3 Nc6 3. Bc4 Nf6 4. d3 Bc5 5. f4 d6 6. Na4 Ng4 7. Nxc5 dxc5 8. c3
O-O 9. Nf3 Qd6 10. f5 Na5 11. Bb5 a6 12. Ba4 b5 13. Bc2 Bb7 14. O-O Rad8 15.
Bg5 c4 16. Bxd8 Rxd8 17. Ng5 Qb6+ 18. Kh1 Nf6 19. Qe2 c5 20. Rad1 Re8 21. Nh3
cxd3 22. Bxd3 h5 23. Nf2 c4 24. Bb1 Bc6 25. g4 hxg4 26. Nxg4 Nb7 27. Nxf6+ gxf6
28. Qd2 Kf8 29. b3 Ke7 30. bxc4 bxc4 31. Bc2 Rg8 32. Rb1 Qc5 33. Qf2 Qxf2 34.
Rxf2 Nc5 35. Re2 Rg4 36. Rbe1 Kd6 37. h3 Rf4 38. Kg1 Nd3 39. Bxd3 cxd3 40. Rd2
Kc5 41. Rxd3 Bxe4 42. Rg3 Bd5 43. Rf1 Ra4 44. Rf2 Bxa2 45. h4 Bd5 46. h5 Ra1+
47. Rf1 Ra4 48. Kh2 Rh4+ 49. Rh3 Rg4 50. Rg1 Rf4 51. h6 Rf2+ 52. Kg3 Rf3+ 53.
Kh4 Rxf5 54. h7 1-0

[Event "Madrid-ch 2018-2019 - Semifinal"]
[Site "Madrid ESP"]
[Date "2019.05.07"]
[Round "2.13"]
[White "Rojas Pozo, Jose Luis"]
[Black "Cabañas Bravo, Juan Andres"]
[Result "1/2-1/2"]
[WhiteElo "1974"]
[BlackElo "2010"]
[PlyCount "79"]
[EventDate "2019.05.06"]
[EventType "swiss"]
[EventRounds "9"]
[EventCountry "ESP"]
[SourceTitle "Ajedrez en Madrid"]
[Source "lmi"]
[SourceDate "2019.05.06"]
[SourceVersion "1"]
[SourceVersionDate "2019.05.20"]
[SourceQuality "2"]

1. d4 Nf6 2. c4 c5 3. d5 b5 4. cxb5 a6 5. bxa6 Bxa6 6. g3 d6 7. Bg2 g6 8. b3
Bg7 9. Bb2 O-O 10. Nh3 Nbd7 11. O-O Ra7 12. Re1 Qa8 13. e4 h5 14. Qc2 Rb8 15.
Nd2 Nb6 16. a4 Rc7 17. a5 Nc8 18. Nc4 Bxc4 19. bxc4 Rxb2 20. Qxb2 Nxe4 21. Qc2
Bxa1 22. Rxa1 Nf6 23. f4 Ra7 24. f5 Rxa5 25. Rxa5 Qxa5 26. fxg6 Qe1+ 27. Bf1
Qe3+ 28. Kg2 Nb6 29. gxf7+ Kxf7 30. Bd3 Nbd7 31. Bg6+ Kg8 32. Nf4 Ne5 33. Bf5
Nfg4 34. Bxg4 hxg4 35. Qf5 Qd2+ 36. Kh1 Qc1+ 37. Kg2 Qd2+ 38. Kh1 Qd1+ 39. Kg2
Qf3+ 40. Kg1 1/2-1/2

[Event "Madrid-ch 2018-2019 - Semifinal"]
[Site "Madrid ESP"]
[Date "2019.05.07"]
[Round "2.14"]
[White "De Luna Butz, Alberto"]
[Black "Gonzalez Rivera, Eduardo"]
[Result "1/2-1/2"]
[WhiteElo "1775"]
[BlackElo "1998"]
[PlyCount "61"]
[EventDate "2019.05.06"]
[EventType "swiss"]
[EventRounds "9"]
[EventCountry "ESP"]
[SourceTitle "Ajedrez en Madrid"]
[Source "lmi"]
[SourceDate "2019.05.06"]
[SourceVersion "1"]
[SourceVersionDate "2019.05.20"]
[SourceQuality "2"]

1. Nf3 d5 2. c4 c6 3. b3 Nf6 4. Bb2 e6 5. g3 Nbd7 6. Bg2 b6 7. O-O Bb7 8. Nc3
Be7 9. Qc2 O-O 10. d4 c5 11. cxd5 exd5 12. dxc5 Nxc5 13. Rfd1 Rc8 14. Rac1 Nce4
15. Qb1 Nxc3 16. Rxc3 Rxc3 17. Bxc3 Ne4 18. Bd4 Bf6 19. Qb2 Bxd4 20. Nxd4 Qf6
21. e3 Rc8 22. Bxe4 dxe4 23. Rc1 h5 24. Rxc8+ Bxc8 25. Qc2 Bf5 26. Qc6 Qxc6 27.
Nxc6 Kf8 28. Kf1 Bd7 29. Nd4 Ke7 30. Ke1 Kf6 31. h4 1/2-1/2

[Event "Madrid-ch 2018-2019 - Semifinal"]
[Site "Madrid ESP"]
[Date "2019.05.07"]
[Round "2.15"]
[White "Pastor Alonso De Prado, Alberto"]
[Black "Vicente Sastre, Diego"]
[Result "1-0"]
[WhiteElo "2094"]
[BlackElo "1881"]
[PlyCount "71"]
[EventDate "2019.05.06"]
[EventType "swiss"]
[EventRounds "9"]
[EventCountry "ESP"]
[SourceTitle "Ajedrez en Madrid"]
[Source "lmi"]
[SourceDate "2019.05.06"]
[SourceVersion "1"]
[SourceVersionDate "2019.05.20"]
[SourceQuality "2"]

1. e4 c5 2. c3 e6 3. d4 d5 4. e5 Nc6 5. Nf3 Nge7 6. Na3 a6 7. Be2 Ng6 8. h4
cxd4 9. cxd4 Bxa3 10. bxa3 h6 11. Kf1 Bd7 12. Rb1 Qc7 13. Bd2 Nge7 14. h5 Rb8
15. Qc2 b5 16. g4 Qa7 17. Qd3 a5 18. Kg2 Nc8 19. Rhc1 Nb6 20. Rxb5 Nc4 21.
Rxb8+ Nxb8 22. Qc3 Nxd2 23. Qxd2 Nc6 24. Bb5 Ne7 25. a4 g6 26. hxg6 fxg6 27.
Rh1 h5 28. Ng5 Qb6 29. Qf4 Bxb5 30. Qf7+ Kd7 31. axb5 Qxd4 32. Qxe6+ Ke8 33.
Rc1 Qxg4+ 34. Qxg4 hxg4 35. b6 d4 36. b7 1-0

[Event "Madrid-ch 2018-2019 - Semifinal"]
[Site "Madrid ESP"]
[Date "2019.05.07"]
[Round "2.16"]
[White "Viñas Lopez, Carlos"]
[Black "Martinez Aragon, Aitor"]
[Result "0-1"]
[WhiteElo "1884"]
[BlackElo "2038"]
[PlyCount "92"]
[EventDate "2019.05.06"]
[EventType "swiss"]
[EventRounds "9"]
[EventCountry "ESP"]
[SourceTitle "Ajedrez en Madrid"]
[Source "lmi"]
[SourceDate "2019.05.06"]
[SourceVersion "1"]
[SourceVersionDate "2019.05.20"]
[SourceQuality "2"]

1. d4 Nf6 2. Bg5 e6 3. e4 h6 4. Bxf6 Qxf6 5. c3 d6 6. Bd3 Nd7 7. Ne2 Qd8 8. O-O
Be7 9. f4 e5 10. Nd2 Bf6 11. Nf3 Qe7 12. b4 O-O 13. dxe5 dxe5 14. f5 a5 15. Qb3
Nb6 16. Kh1 Bxf5 17. bxa5 Rxa5 18. exf5 e4 19. Qb4 Qxb4 20. cxb4 exd3 21. bxa5
dxe2 22. axb6 exf1=Q+ 23. Rxf1 cxb6 24. g4 Ra8 25. Rf2 Ra4 26. h3 Kf8 27. Re2
Rb4 28. Kg2 b5 29. Kf2 Rc4 30. Re3 b4 31. Ke1 Rc1+ 32. Kf2 b5 33. Re1 Rc3 34.
Re3 Rc6 35. Ke1 Ra6 36. Re2 Ra3 37. Kf2 b3 38. axb3 Rxb3 39. Kg3 b4 40. Kf4 Rc3
41. Re4 b3 42. Rb4 b2 43. Rb8+ Ke7 44. Ne5 Rc1 45. Rxb2 Rf1+ 46. Ke4 Re1+ 0-1

[Event "Madrid-ch 2018-2019 - Semifinal"]
[Site "Madrid ESP"]
[Date "2019.05.07"]
[Round "2.17"]
[White "Largo Barbero, Benito"]
[Black "Vazquez Gonzalez, Francisco"]
[Result "1-0"]
[WhiteElo "1878"]
[BlackElo "1968"]
[PlyCount "89"]
[EventDate "2019.05.06"]
[EventType "swiss"]
[EventRounds "9"]
[EventCountry "ESP"]
[SourceTitle "Ajedrez en Madrid"]
[Source "lmi"]
[SourceDate "2019.05.06"]
[SourceVersion "1"]
[SourceVersionDate "2019.05.20"]
[SourceQuality "2"]

1. d4 f5 2. Bf4 Nf6 3. e3 d6 4. Nd2 Nc6 5. Ngf3 e6 6. c3 Be7 7. Bc4 O-O 8. h3
Ne4 9. h4 h6 10. Qe2 Bd7 11. Rh3 a6 12. Bd3 Nf6 13. Rh1 Ng4 14. e4 e5 15. Bc4+
Kh8 16. Bg5 f4 17. Bxe7 Qxe7 18. O-O-O Na5 19. Bd3 b5 20. Nh2 Qxh4 21. Nxg4
Qxg4 22. Nf3 Qe6 23. d5 Qf6 24. Nh4 Kg8 25. Rdg1 Qg5 26. Kb1 Bg4 27. f3 Bd7 28.
g3 fxg3 29. Qe1 Rf4 30. Rxg3 Qf6 31. Rg6 Qf7 32. Nf5 Bxf5 33. exf5 Rxf5 34. Qg3
Rxf3 35. Rgxh6 Qf6 36. Bh7+ Kf7 37. Rxf6+ Rxf6 38. Rg1 Rf8 39. Qxg7+ Ke8 40.
Qxc7 Nc4 41. Bg6+ Rxg6 42. Rxg6 Rf1+ 43. Kc2 Rf2+ 44. Kd1 Nxb2+ 45. Kc1 1-0